Powiaty województwa lubuskiego z mapą - Statystyki

Ogólne statystyki
  • Ten quiz został rozwiązany 21 647 razy
  • Średni wynik to 9 z 14
Odpowiedzi na mapie
Odpowiedzi zakodowano w zielono-czerwonej skali na mapie do tego quizu, zgodnie z poniższymi procentami.
 
Statystyki odpowiedzi
Powiaty % Poprawnych
Zielonogórski
96%
Gorzowski
95%
Zielona Góra
94%
Gorzów Wielkopolski
93%
Żarski
68%
Świebodziński
64%
Nowosolski
63%
Żagański
63%
Międzyrzecki
57%
Słubicki
56%
Wschowski
51%
Krośnieński
48%
Strzelecko - Drezdenecki
47%
Sulęciński
45%
Nie znaleziono quizów pasujących do podanych kryteriów
Rozkład punktacji
Procent ludzi z każdym wynikiem
Percentyl według liczby udzielonych odpowiedzi
Twoja historia wyników
Nie rozwiązałeś tego quizu